<?xml version="1.0" encoding="UTF-8"?>
<record
    xmlns:xsi="http://www.w3.org/2001/XMLSchema-instance"
    xsi:schemaLocation="http://www.loc.gov/MARC21/slim http://www.loc.gov/standards/marcxml/schema/MARC21slim.xsd"
    xmlns="http://www.loc.gov/MARC21/slim">

  <leader>01046na  a2200313   4500</leader>
  <datafield tag="952" ind1=" " ind2=" ">
    <subfield code="a">0002</subfield>
    <subfield code="b">0002</subfield>
    <subfield code="d">2019-02-22</subfield>
    <subfield code="l">0</subfield>
    <subfield code="o">342.090263 B23y 2009</subfield>
    <subfield code="p">P00299</subfield>
    <subfield code="r">2019-02-22 00:00:00</subfield>
    <subfield code="w">2019-02-22</subfield>
    <subfield code="y">BKS</subfield>
  </datafield>
  <datafield tag="952" ind1=" " ind2=" ">
    <subfield code="a">0002</subfield>
    <subfield code="b">0002</subfield>
    <subfield code="d">2019-02-22</subfield>
    <subfield code="l">0</subfield>
    <subfield code="o">342.090263 B23y 2009</subfield>
    <subfield code="p">P00300</subfield>
    <subfield code="r">2019-02-22 00:00:00</subfield>
    <subfield code="w">2019-02-22</subfield>
    <subfield code="y">BKS</subfield>
  </datafield>
  <datafield tag="999" ind1=" " ind2=" ">
    <subfield code="c">12776</subfield>
    <subfield code="d">12776</subfield>
  </datafield>
  <controlfield tag="001">16864</controlfield>
  <controlfield tag="003">MIRAKIL</controlfield>
  <controlfield tag="005">20190222171650.0</controlfield>
  <controlfield tag="008">161015b        tu            000 0      </controlfield>
  <datafield tag="020" ind1=" " ind2=" ">
    <subfield code="a">9786055757250</subfield>
  </datafield>
  <datafield tag="035" ind1=" " ind2=" ">
    <subfield code="a">16864</subfield>
  </datafield>
  <datafield tag="040" ind1=" " ind2=" ">
    <subfield code="a">Milas</subfield>
    <subfield code="b">tur</subfield>
    <subfield code="c">TR-AnCHP</subfield>
  </datafield>
  <datafield tag="041" ind1=" " ind2=" ">
    <subfield code="a">tur</subfield>
  </datafield>
  <datafield tag="082" ind1=" " ind2=" ">
    <subfield code="a">342.090263</subfield>
    <subfield code="b">B23y 2009</subfield>
  </datafield>
  <datafield tag="090" ind1=" " ind2=" ">
    <subfield code="a">342.090263 B23y 2009</subfield>
  </datafield>
  <datafield tag="100" ind1=" " ind2=" ">
    <subfield code="a">Ba&#x11F;, Cemal</subfield>
    <subfield code="d">1947-</subfield>
  </datafield>
  <datafield tag="245" ind1=" " ind2=" ">
    <subfield code="a">Yeni belediye il &#xF6;zel idaresi mevzuat&#x131;</subfield>
    <subfield code="b">539 soru ve yan&#x131;t, tam metin</subfield>
    <subfield code="c">Cemal Ba&#x11F;</subfield>
  </datafield>
  <datafield tag="246" ind1=" " ind2=" ">
    <subfield code="a">539 soru ve yan&#x131;t, tam metin</subfield>
  </datafield>
  <datafield tag="250" ind1=" " ind2=" ">
    <subfield code="a">gn&#x15F;l. 7. bs.</subfield>
  </datafield>
  <datafield tag="260" ind1=" " ind2=" ">
    <subfield code="a">&#x130;zmir</subfield>
    <subfield code="b">Etki Yay&#x131;nlar&#x131;</subfield>
    <subfield code="c">2009</subfield>
  </datafield>
  <datafield tag="300" ind1=" " ind2=" ">
    <subfield code="a">310 s.</subfield>
    <subfield code="c">20 sm.</subfield>
  </datafield>
  <datafield tag="490" ind1=" " ind2=" ">
    <subfield code="a">Etki yay&#x131;nlar&#x131;</subfield>
    <subfield code="v">358</subfield>
  </datafield>
  <datafield tag="500" ind1=" " ind2=" ">
    <subfield code="a">Eser ad&#x131; ba&#x15F;&#x131;nda: En son de&#x11F;i&#x15F;iklikler ile</subfield>
  </datafield>
  <datafield tag="650" ind1=" " ind2=" ">
    <subfield code="a">Yerel y&#xF6;netimler</subfield>
    <subfield code="x">Belediyeler</subfield>
    <subfield code="y">T&#xFC;rkiye</subfield>
    <subfield code="z">Hukuk ve mevzuat</subfield>
  </datafield>
  <datafield tag="650" ind1=" " ind2=" ">
    <subfield code="a">&#x130;dare hukuku</subfield>
    <subfield code="x">Yerel y&#xF6;netimler</subfield>
    <subfield code="y">T&#xFC;rkiye</subfield>
    <subfield code="z">Hukuk ve mevzuat</subfield>
  </datafield>
  <datafield tag="856" ind1=" " ind2=" ">
    <subfield code="z">Dijital N&#xFC;shas&#x131; i&#xE7;in Partimizin K&#xFC;t&#xFC;phane Sorumlusu ile ileti&#x15F;ime ge&#xE7;iniz.</subfield>
  </datafield>
  <datafield tag="942" ind1=" " ind2=" ">
    <subfield code="2">ddc</subfield>
    <subfield code="c">BKS</subfield>
  </datafield>
  <datafield tag="999" ind1=" " ind2=" ">
    <subfield code="d">2090</subfield>
  </datafield>
</record>
